[Event "21. Torneo San Viator 2013"]
[Site "Madrid ESP"]
[Date "2013.09.29"]
[Round "1.1"]
[White "Renteria, Jorge"]
[Black "Perez Sempere, Alberto"]
[Result "1-0"]
[WhiteElo "2323"]
[BlackElo "1875"]
[PlyCount "73"]
[EventDate "2013.09.29"]
[EventType "swiss"]
[EventRounds "9"]
[EventCountry "ESP"]
[SourceTitle "Ajedrez en Madrid"]
[Source "lmi"]
[SourceDate "2013.09.29"]
[SourceVersion "1"]
[SourceVersionDate "2013.12.25"]
[SourceQuality "1"]

1. e4 c5 2. Nf3 Nc6 3. d4 cxd4 4. Nxd4 g6 5. c4 Bg7 6. Nc2 Nh6 7. Be2 d6 8. O-O
O-O 9. Nc3 f5 10. exf5 Nxf5 11. Nd5 Be6 12. Rb1 h6 13. b3 Bf7 14. Bb2 e5 15.
Bf3 Rb8 16. Be4 Nce7 17. Ba3 Nxd5 18. Bxd5 Qf6 19. Ne3 Rfd8 20. Qd3 Ne7 21.
Rbd1 Nc8 22. Qe4 Bxd5 23. Nxd5 Qf5 24. Qe3 Bf8 25. f4 Ne7 26. fxe5 Nxd5 27.
Rxd5 Qe6 28. Rf6 Qe8 29. e6 Be7 30. Rf7 Bg5 31. Qe4 Qxf7 32. exf7+ Kxf7 33.
Rxd6 Rxd6 34. Bxd6 Re8 35. Qd5+ Kg7 36. Be5+ Kf8 37. g3 1-0

[Event "21. Torneo San Viator 2013"]
[Site "Madrid ESP"]
[Date "2013.09.29"]
[Round "1.2"]
[White "Jimenez Elices, Jose Maria"]
[Black "Iturbide Arnedo, Oscar"]
[Result "0-1"]
[WhiteElo "1872"]
[BlackElo "2159"]
[PlyCount "96"]
[EventDate "2013.09.29"]
[EventType "swiss"]
[EventRounds "9"]
[EventCountry "ESP"]
[SourceTitle "Ajedrez en Madrid"]
[Source "lmi"]
[SourceDate "2013.09.29"]
[SourceVersion "1"]
[SourceVersionDate "2013.12.25"]
[SourceQuality "1"]

1. e4 g6 2. d4 Bg7 3. Nf3 d6 4. Bd3 Nd7 5. Bg5 h6 6. Be3 e6 7. Nc3 a6 8. a4 b6
9. Qd2 Ne7 10. e5 dxe5 11. Nxe5 Nxe5 12. dxe5 Bb7 13. f4 Nf5 14. Bxf5 Qxd2+ 15.
Bxd2 exf5 16. Kf2 O-O-O 17. Rad1 f6 18. Rhe1 fxe5 19. fxe5 Rhe8 20. Bc1 Rxe5
21. Rxd8+ Kxd8 22. Rxe5 Bxe5 23. Bxh6 Bxc3 24. bxc3 Be4 25. a5 bxa5 26. Bc1 Kd7
27. g3 Ke6 28. Ke3 g5 29. g4 Bxc2 30. gxf5+ Kxf5 31. h3 Be4 32. Kf2 a4 33. Ba3
Bd5 34. Be7 Bc4 35. Kf3 Bd5+ 36. Kf2 Kf4 37. Ba3 Be6 38. Bc1+ Ke4 39. Ke2 a3
40. Bxa3 Bxh3 41. Be7 Kf5 42. Bd8 c6 43. Kf3 Bg4+ 44. Kg3 Bd1 45. Bc7 Ke4 46.
Kf2 Kd3 47. Ke1 Bf3 48. Bd6 Kxc3 0-1

[Event "21. Torneo San Viator 2013"]
[Site "Madrid ESP"]
[Date "2013.09.29"]
[Round "1.3"]
[White "Perez Calahorra, Ricardo"]
[Black "Barahona Torrijos, Angel"]
[Result "1-0"]
[WhiteElo "2126"]
[BlackElo "1867"]
[PlyCount "77"]
[EventDate "2013.09.29"]
[EventType "swiss"]
[EventRounds "9"]
[EventCountry "ESP"]
[SourceTitle "Ajedrez en Madrid"]
[Source "lmi"]
[SourceDate "2013.09.29"]
[SourceVersion "1"]
[SourceVersionDate "2013.12.25"]
[SourceQuality "1"]

1. e4 e5 2. Nf3 Nc6 3. Bb5 a6 4. Bxc6 dxc6 5. O-O Qd6 6. Na3 b5 7. c3 Bg4 8. h3
h5 9. d4 Qg6 10. Nxe5 Bxd1 11. Nxg6 fxg6 12. Rxd1 Be7 13. Bf4 O-O-O 14. Nc2 g5
15. Be5 Rh7 16. a4 Kb7 17. Ne3 Nh6 18. axb5 cxb5 19. c4 c6 20. d5 cxd5 21. cxd5
Nf7 22. Bd4 Bd6 23. Nf5 Be5 24. Rdc1 g6 25. Bxe5 Nxe5 26. Nd4 Rd6 27. Rc3 g4
28. hxg4 hxg4 29. Ne6 Kb6 30. Rac1 a5 31. Rc8 a4 32. R1c5 Rb7 33. Nd4 Ka5 34.
Nc6+ Nxc6 35. R8xc6 Rbd7 36. Rxd6 Rxd6 37. e5 Rd8 38. e6 Kb4 39. e7 1-0

[Event "21. Torneo San Viator 2013"]
[Site "Madrid ESP"]
[Date "2013.09.29"]
[Round "1.4"]
[White "Garcia Sanjuan, Jose"]
[Black "Cabanas Bravo, Juan Andres"]
[Result "1/2-1/2"]
[WhiteElo "1857"]
[BlackElo "2089"]
[PlyCount "137"]
[EventDate "2013.09.29"]
[EventType "swiss"]
[EventRounds "9"]
[EventCountry "ESP"]
[SourceTitle "Ajedrez en Madrid"]
[Source "lmi"]
[SourceDate "2013.09.29"]
[SourceVersion "1"]
[SourceVersionDate "2013.12.25"]
[SourceQuality "1"]

1. b3 e5 2. Bb2 Nc6 3. g3 d5 4. Bg2 Be6 5. Nf3 f6 6. O-O Qd7 7. Nc3 a6 8. d3
Bc5 9. Na4 Ba7 10. c4 Nge7 11. e4 dxc4 12. dxc4 Nd4 13. Nxd4 Bxd4 14. Bxd4 Qxd4
15. Qh5+ Ng6 16. Rad1 Qa7 17. Bh3 Bxh3 18. Qxh3 O-O 19. Rd7 b5 20. Nc3 Qc5 21.
Nd5 Rac8 22. Qe6+ Kh8 23. Qxa6 bxc4 24. Qxc4 Qa3 25. Qc2 c6 26. Ne3 Rfd8 27.
Rfd1 Rxd7 28. Rxd7 Nf8 29. Rd1 Ne6 30. Nc4 Qa6 31. Nd6 Ra8 32. Nf5 g6 33. Rd6
Ng5 34. Nh4 Qxa2 35. Rxc6 Qxc2 36. Rxc2 Nxe4 37. Nf3 Ra1+ 38. Kg2 Rb1 39. Rc4
Nd6 40. Rb4 Rd1 41. g4 Kg7 42. g5 e4 43. gxf6+ Kxf6 44. Nd4 Ke5 45. Nc6+ Kf4
46. Rd4 Rd3 47. Kf1 Nb5 48. Rxd3 exd3 49. Ke1 Kf3 50. Ne5+ Ke4 51. Ng4 Kd4 52.
Kd2 Nc3 53. Ne3 Ne4+ 54. Ke1 Kc3 55. Nd1+ Kxb3 56. f3 Ng5 57. Kd2 Nxf3+ 58.
Kxd3 Nxh2 59. Ke4 Ng4 60. Kf4 h5 61. Kg5 Ne5 62. Nf2 Kc4 63. Nh3 Kd4 64. Nf4
Nf3+ 65. Kxg6 h4 66. Kh5 Ke4 67. Kg4 Ke3 68. Ng2+ Ke4 69. Nxh4 1/2-1/2

[Event "21. Torneo San Viator 2013"]
[Site "Madrid ESP"]
[Date "2013.09.29"]
[Round "1.6"]
[White "Jimenez Gonzalez, Marcos"]
[Black "Vallejo Nuno, Jorge"]
[Result "0-1"]
[WhiteElo "1847"]
[BlackElo "2068"]
[PlyCount "58"]
[EventDate "2013.09.29"]
[EventType "swiss"]
[EventRounds "9"]
[EventCountry "ESP"]
[SourceTitle "Ajedrez en Madrid"]
[Source "lmi"]
[SourceDate "2013.09.29"]
[SourceVersion "1"]
[SourceVersionDate "2013.12.25"]
[SourceQuality "1"]

1. c4 e5 2. g3 Nf6 3. Nc3 d5 4. cxd5 Nxd5 5. Bg2 Nb6 6. Nf3 Nc6 7. O-O Be7 8.
d3 a5 9. a3 O-O 10. Rb1 Be6 11. Be3 Nd5 12. Bd2 Nxc3 13. Bxc3 f6 14. b4 axb4
15. axb4 Ra3 16. Be1 Qd7 17. b5 Na7 18. b6 cxb6 19. Rxb6 Nb5 20. Qb1 Rb3 21.
Qa1 Bc5 22. Nxe5 fxe5 23. Rxb7 Qd6 24. Qa4 Nd4 25. e3 Ne2+ 26. Kh1 Rxb7 27.
Bxb7 Qxd3 28. Qa6 Qxa6 29. Bxa6 Bd5+ 0-1

[Event "21. Torneo San Viator 2013"]
[Site "Madrid ESP"]
[Date "2013.09.29"]
[Round "1.7"]
[White "Garcia-Ruiz Fuentes, Angel M"]
[Black "Alonso Vara, Maria"]
[Result "0-1"]
[WhiteElo "2042"]
[BlackElo "1842"]
[PlyCount "48"]
[EventDate "2013.09.29"]
[EventType "swiss"]
[EventRounds "9"]
[EventCountry "ESP"]
[SourceTitle "Ajedrez en Madrid"]
[Source "lmi"]
[SourceDate "2013.09.29"]
[SourceVersion "1"]
[SourceVersionDate "2013.12.25"]
[SourceQuality "1"]

1. e4 c5 2. Nf3 d6 3. d4 cxd4 4. Nxd4 a6 5. Nc3 Nf6 6. Bc4 b5 7. Bd5 Nxd5 8.
exd5 Bb7 9. Nf3 Nd7 10. O-O Nf6 11. a3 g6 12. Bg5 Bg7 13. Qd2 O-O 14. Rad1 Re8
15. Rfe1 Rc8 16. h3 Qc7 17. Re2 Qc4 18. Re3 h6 19. Bxf6 Bxf6 20. Re4 Bxc3 21.
Qf4 Be5 22. Qe3 Qxc2 23. Qxh6 Qxd1+ 24. Re1 Qxd5 0-1

[Event "21. Torneo San Viator 2013"]
[Site "Madrid ESP"]
[Date "2013.09.29"]
[Round "1.8"]
[White "Cano Mercado, Francisco Manuel"]
[Black "Gil Sierra, Jacinto"]
[Result "0-1"]
[WhiteElo "1840"]
[BlackElo "2041"]
[PlyCount "105"]
[EventDate "2013.09.29"]
[EventType "swiss"]
[EventRounds "9"]
[EventCountry "ESP"]
[SourceTitle "Ajedrez en Madrid"]
[Source "lmi"]
[SourceDate "2013.09.29"]
[SourceVersion "1"]
[SourceVersionDate "2013.12.25"]
[SourceQuality "1"]

1. d4 e6 2. c4 f5 3. g3 Nf6 4. Nf3 Bb4+ 5. Bd2 Bxd2+ 6. Nbxd2 Nc6 7. Bg2 d6 8.
O-O O-O 9. e3 e5 10. d5 Ne7 11. Qb3 b6 12. Rad1 h6 13. h4 a5 14. a4 Qe8 15. Qc2
Qh5 16. Nxe5 dxe5 17. d6 Ra7 18. dxe7 Re8 19. c5 Be6 20. Nc4 Bxc4 21. Qxc4+ Qf7
22. Qxf7+ Kxf7 23. cxb6 cxb6 24. Rd6 Rb8 25. Rd8 Rbb7 26. Bxb7 Rxb7 27. e8=Q+
Nxe8 28. Rd5 Ke6 29. Rfd1 Rc7 30. Rb5 Rc6 31. Rdd5 Nd6 32. Rxe5+ Kf6 33. Rbd5
g6 34. Kg2 h5 35. Kf3 Nc4 36. Re8 Nxb2 37. Rd4 Nc4 38. Red8 Ke6 39. Kf4 Nd6 40.
Rb8 Kf6 41. f3 Ke6 42. e4 fxe4 43. fxe4 Nc8 44. Rb7 Nd6 45. Rg7 Kf6 46. Rh7 Ke6
47. Rh8 Rc1 48. Rd8 Nf7 49. Rb8 Rf1+ 50. Ke3 Rb1 51. Rc4 Nd6 52. Rc6 Ke5 53.
Kf3 0-1

[Event "21. Torneo San Viator 2013"]
[Site "Madrid ESP"]
[Date "2013.09.29"]
[Round "1.9"]
[White "Luque Ibanez, Manuel"]
[Black "Padin Lazaro, Jose Manuel"]
[Result "1/2-1/2"]
[WhiteElo "2021"]
[BlackElo "1837"]
[PlyCount "89"]
[EventDate "2013.09.29"]
[EventType "swiss"]
[EventRounds "9"]
[EventCountry "ESP"]
[SourceTitle "Ajedrez en Madrid"]
[Source "lmi"]
[SourceDate "2013.09.29"]
[SourceVersion "1"]
[SourceVersionDate "2013.12.25"]
[SourceQuality "1"]

1. e4 e6 2. d4 d5 3. Nd2 Nf6 4. e5 Nfd7 5. c3 c5 6. Bd3 Nc6 7. Ne2 cxd4 8. cxd4
f6 9. Nf4 fxe5 10. Qh5+ Ke7 11. dxe5 Ndxe5 12. Bxh7 Kd6 13. Ng6 Nxg6 14. Qxg6
Qh4 15. b3 Qxh7 16. Ba3+ Kd7 17. Qxh7 Rxh7 18. Bxf8 b6 19. Nf3 Ba6 20. Ba3 e5
21. O-O-O d4 22. Rhe1 Rc8 23. Kd2 Re8 24. Re4 Ke6 25. Rde1 Kd5 26. Bb2 Bc8 27.
Nxd4 Rxh2 28. Nxc6 Kxc6 29. Bxe5 Rxg2 30. Ke3 Bf5 31. Rc4+ Kd5 32. f4 Rxa2 33.
Rd1+ Ke6 34. Rc7 Re7 35. Rxe7+ Kxe7 36. Bxg7 Ra3 37. Ra1 Rxb3+ 38. Kd2 a5 39.
Bc3 Rb5 40. Re1+ Kd7 41. Re5 Kc6 42. Rxb5 Kxb5 43. Bd4 Kc6 44. Bxb6 Kxb6 45.
Kc3 1/2-1/2

[Event "21. Torneo San Viator 2013"]
[Site "Madrid ESP"]
[Date "2013.09.29"]
[Round "1.10"]
[White "Tevar Sanz, Gonzalo"]
[Black "Lobato Rivero, Carlos"]
[Result "1-0"]
[WhiteElo "1836"]
[BlackElo "2007"]
[PlyCount "84"]
[EventDate "2013.09.29"]
[EventType "swiss"]
[EventRounds "9"]
[EventCountry "ESP"]
[SourceTitle "Ajedrez en Madrid"]
[Source "lmi"]
[SourceDate "2013.09.29"]
[SourceVersion "1"]
[SourceVersionDate "2013.12.25"]
[SourceQuality "1"]

1. d4 Nf6 2. Bf4 g6 3. e3 Bg7 4. Nf3 O-O 5. h3 b6 6. Be2 Bb7 7. O-O d6 8. Bh2
c5 9. c3 Nbd7 10. Nbd2 Rc8 11. Qa4 a6 12. Rac1 b5 13. Qb3 c4 14. Qc2 d5 15. Ne5
Nxe5 16. Bxe5 Nd7 17. Bxg7 Kxg7 18. f4 f5 19. Nf3 h6 20. Kh2 Qb6 21. a3 a5 22.
g4 fxg4 23. hxg4 Qe6 24. Nh4 Rc6 25. Rf3 Qf6 26. Rh3 Bc8 27. f5 g5 28. Ng6 Re8
29. Kg2 e6 30. Rch1 exf5 31. Rxh6 Nf8 32. Ne5 Qxh6 33. Rxh6 Rxh6 34. gxf5 Nd7
35. Ng4 Rh4 36. Bf3 Nf6 37. Ne5 Reh8 38. Kg1 g4 39. Qg2 Rh2 40. Qg3 R8h3 41.
Qf4 gxf3 42. Qg5+ Kh7 1-0

[Event "21. Torneo San Viator 2013"]
[Site "Madrid ESP"]
[Date "2013.09.29"]
[Round "1.11"]
[White "Gonzalez Mateos, Rafael"]
[Black "Ore Leon, Gustavo"]
[Result "1-0"]
[WhiteElo "2006"]
[BlackElo "1828"]
[PlyCount "59"]
[EventDate "2013.09.29"]
[EventType "swiss"]
[EventRounds "9"]
[EventCountry "ESP"]
[SourceTitle "Ajedrez en Madrid"]
[Source "lmi"]
[SourceDate "2013.09.29"]
[SourceVersion "1"]
[SourceVersionDate "2013.12.25"]
[SourceQuality "1"]

1. d4 Nf6 2. c3 g6 3. Bg5 Bg7 4. Nd2 O-O 5. e4 d6 6. Bd3 c5 7. Ngf3 cxd4 8.
cxd4 Nc6 9. O-O h6 10. Be3 Ng4 11. h3 Nxe3 12. fxe3 a5 13. a3 Qb6 14. Nc4 Qa7
15. Qb3 a4 16. Qb6 Qb8 17. d5 Ra6 18. Qb5 Nd8 19. Nb6 f5 20. Rac1 fxe4 21. Rxc8
Qa7 22. Bxe4 Rxb6 23. Qd7 Rxb2 24. Re1 Qa5 25. Qxe7 Nf7 26. Rxf8+ Bxf8 27. Qf6
Ne5 28. Rf1 Nxf3+ 29. Qxf3 Bg7 30. Qf7+ 1-0

[Event "21. Torneo San Viator 2013"]
[Site "Madrid ESP"]
[Date "2013.09.29"]
[Round "1.12"]
[White "Martinez Montalvo, Eduardo"]
[Black "Nunez Miranda, Adrian"]
[Result "0-1"]
[WhiteElo "1823"]
[BlackElo "2006"]
[PlyCount "134"]
[EventDate "2013.09.29"]
[EventType "swiss"]
[EventRounds "9"]
[EventCountry "ESP"]
[SourceTitle "Ajedrez en Madrid"]
[Source "lmi"]
[SourceDate "2013.09.29"]
[SourceVersion "1"]
[SourceVersionDate "2013.12.25"]
[SourceQuality "1"]

1. e4 d6 2. d4 Nf6 3. Nc3 e5 4. dxe5 dxe5 5. Qxd8+ Kxd8 6. Nf3 Bd6 7. Bc4 Be6
8. Bxe6 fxe6 9. Bg5 a6 10. O-O-O Ke7 11. h3 b5 12. Rhe1 Nc6 13. Re2 h6 14.
Bxf6+ gxf6 15. g3 Na5 16. Nd2 c5 17. Rf1 Rhg8 18. Re3 Nc6 19. Ne2 c4 20. Nc3
Nd4 21. Ree1 b4 22. Ne2 c3 23. Nc4 Rac8 24. b3 Nf3 25. Nxd6 Kxd6 26. Rd1+ Ke7
27. Ng1 Nd2 28. Rfe1 a5 29. Re3 a4 30. Nf3 axb3 31. Nxd2 cxd2+ 32. Rxd2 bxa2
33. Kb2 Rc3 34. Re1 h5 35. Ra1 Ra8 36. Rxa2 Rxa2+ 37. Kxa2 h4 38. Kb2 hxg3 39.
fxg3 Rxg3 40. Rh2 Kf7 41. h4 Rg4 42. h5 Rxe4 43. h6 Kg8 44. h7+ Kh8 45. Rh6 Rf4
46. Kc1 Rf2 47. Kd1 e4 48. Kc1 e5 49. Kd1 f5 50. Re6 Kxh7 51. Rxe5 Kg6 52. Rb5
Rf1+ 53. Ke2 Rb1 54. Ke3 Kg5 55. Rb8 Rb2 56. Rg8+ Kf6 57. Rf8+ Ke6 58. Rc8 b3
59. c4 Rc2 60. Rb8 b2 61. Kf4 Kd6 62. Rb5 Rf2+ 63. Ke3 Rf3+ 64. Ke2 Rh3 65. Kf2
f4 66. Ke2 Rh2+ 67. Kf1 b1=Q+ 0-1

[Event "21. Torneo San Viator 2013"]
[Site "Madrid ESP"]
[Date "2013.09.29"]
[Round "1.13"]
[White "Martin Mazuelo, Miguel"]
[Black "Hernandez Mateo, Borja"]
[Result "1/2-1/2"]
[WhiteElo "1992"]
[BlackElo "1805"]
[PlyCount "99"]
[EventDate "2013.09.29"]
[EventType "swiss"]
[EventRounds "9"]
[EventCountry "ESP"]
[SourceTitle "Ajedrez en Madrid"]
[Source "lmi"]
[SourceDate "2013.09.29"]
[SourceVersion "1"]
[SourceVersionDate "2013.12.25"]
[SourceQuality "1"]

1. e4 d5 2. exd5 Qxd5 3. Nc3 Qd8 4. d4 Nf6 5. h3 c6 6. Nf3 Bf5 7. Bd3 Bxd3 8.
Qxd3 e6 9. Bg5 Nbd7 10. O-O Be7 11. Rad1 O-O 12. Rfe1 Re8 13. Ne5 Nxe5 14. dxe5
Qxd3 15. Rxd3 Nd5 16. Bxe7 Rxe7 17. Ne4 Kf8 18. a3 Nb6 19. b3 Rd7 20. Red1 Rad8
21. Nd6 Nd5 22. Ne4 b6 23. g3 h6 24. Kf1 Ke7 25. Ke2 f5 26. Nd6 g5 27. c4 Nc7
28. Nc8+ Ke8 29. Nxa7 Rxd3 30. Rxd3 Rxd3 31. Kxd3 Kd7 32. b4 Na6 33. b5 Nc5+
34. Ke3 cxb5 35. Nxb5 Ne4 36. g4 Nc5 37. gxf5 exf5 38. f4 Ne6 39. fxg5 hxg5 40.
Nd6 Ng7 41. Kd4 Ne6+ 42. Kc3 Ng7 43. a4 g4 44. hxg4 fxg4 45. Ne4 Ke6 46. c5
bxc5 47. Nxc5+ Kxe5 48. a5 g3 49. Nd3+ Kd6 50. Ne1 1/2-1/2

[Event "21. Torneo San Viator 2013"]
[Site "Madrid ESP"]
[Date "2013.09.29"]
[Round "1.15"]
[White "Garcia Galeote, Lorenzo"]
[Black "Navarro Gonzalez, Jaime"]
[Result "1-0"]
[WhiteElo "1987"]
[BlackElo "1795"]
[PlyCount "59"]
[EventDate "2013.09.29"]
[EventType "swiss"]
[EventRounds "9"]
[EventCountry "ESP"]
[SourceTitle "Ajedrez en Madrid"]
[Source "lmi"]
[SourceDate "2013.09.29"]
[SourceVersion "1"]
[SourceVersionDate "2013.12.25"]
[SourceQuality "1"]

1. b3 d5 2. Bb2 c5 3. e3 Nf6 4. Nf3 Bg4 5. Be2 Nc6 6. d4 e6 7. O-O Bd6 8. Ne5
Bxe2 9. Qxe2 O-O 10. Nd2 Nd7 11. f4 Ndxe5 12. dxe5 Bc7 13. Rad1 a6 14. Ne4 Qe7
15. Nf6+ Kh8 16. Qg4 d4 17. Nh5 f6 18. exf6 gxf6 19. exd4 Nxd4 20. Rfe1 Rg8 21.
Bxd4 cxd4 22. Qxe6 Qxe6 23. Rxe6 Rg6 24. g4 f5 25. Rde1 Rxe6 26. Rxe6 Rf8 27.
g5 Kg8 28. Re7 Rf7 29. Nf6+ Kf8 30. Re8+ 1-0

[Event "21. Torneo San Viator 2013"]
[Site "Madrid ESP"]
[Date "2013.09.29"]
[Round "1.17"]
[White "Ruiz Sanchez, Roberto"]
[Black "Villanueva Ortega, Ruben"]
[Result "1-0"]
[WhiteElo "1972"]
[BlackElo "1782"]
[PlyCount "47"]
[EventDate "2013.09.29"]
[EventType "swiss"]
[EventRounds "9"]
[EventCountry "ESP"]
[SourceTitle "Ajedrez en Madrid"]
[Source "lmi"]
[SourceDate "2013.09.29"]
[SourceVersion "1"]
[SourceVersionDate "2013.12.25"]
[SourceQuality "1"]

1. e4 e6 2. d4 d5 3. Nd2 Nf6 4. e5 Nfd7 5. Bd3 c5 6. c3 Nc6 7. Ne2 Qb6 8. Nf3
cxd4 9. cxd4 Qa5+ 10. Bd2 Bb4 11. Nc3 Qb6 12. Be3 Ba5 13. O-O a6 14. a3 Bxc3
15. bxc3 Qc7 16. Ng5 h6 17. Qh5 Nb6 18. Nxf7 O-O 19. Nxh6+ gxh6 20. Bxh6 Rf7
21. Qg6+ Kh8 22. Bg7+ Rxg7 23. Qe8+ Rg8 24. Qh5+ 1-0

[Event "21. Torneo San Viator 2013"]
[Site "Madrid ESP"]
[Date "2013.09.29"]
[Round "1.18"]
[White "Leniz Martinez, Francisco"]
[Black "Sotoca Aguado, Jose"]
[Result "0-1"]
[WhiteElo "1779"]
[BlackElo "1961"]
[PlyCount "78"]
[EventDate "2013.09.29"]
[EventType "swiss"]
[EventRounds "9"]
[EventCountry "ESP"]
[SourceTitle "Ajedrez en Madrid"]
[Source "lmi"]
[SourceDate "2013.09.29"]
[SourceVersion "1"]
[SourceVersionDate "2013.12.25"]
[SourceQuality "1"]

1. e4 e6 2. d3 d5 3. Nd2 Nc6 4. Ngf3 Nf6 5. e5 Nd7 6. d4 f6 7. exf6 Nxf6 8. c3
Bd6 9. Bd3 O-O 10. O-O e5 11. dxe5 Nxe5 12. Nxe5 Bxe5 13. Nf3 Bg4 14. Be2 Bd6
15. Be3 c6 16. Nd4 Qd7 17. Rc1 Rae8 18. a4 Bxe2 19. Nxe2 Ng4 20. Bxa7 Nxh2 21.
Re1 Qg4 22. Ng3 Rxe1+ 23. Qxe1 Bxg3 24. fxg3 Rf1+ 25. Qxf1 Nxf1 26. Rxf1 Qxa4
27. Bb8 Qe4 28. Bd6 Qe3+ 29. Rf2 g5 30. Bc7 Kg7 31. Bd6 Kg6 32. Bc7 b5 33. Bd6
c5 34. Bc7 b4 35. Ba5 bxc3 36. Bxc3 d4 37. Bd2 Qxg3 38. Bc1 Qd3 39. Rf3 Qc2 0-1

[Event "21. Torneo San Viator 2013"]
[Site "Madrid ESP"]
[Date "2013.09.29"]
[Round "1.19"]
[White "Marcos Herrero, Francisco"]
[Black "Lianes Garcia, Marcos"]
[Result "1/2-1/2"]
[WhiteElo "1949"]
[BlackElo "1775"]
[PlyCount "82"]
[EventDate "2013.09.29"]
[EventType "swiss"]
[EventRounds "9"]
[EventCountry "ESP"]
[SourceTitle "Ajedrez en Madrid"]
[Source "lmi"]
[SourceDate "2013.09.29"]
[SourceVersion "1"]
[SourceVersionDate "2013.12.25"]
[SourceQuality "1"]

1. d4 Nf6 2. c4 c5 3. d5 e6 4. Nc3 exd5 5. cxd5 d6 6. e4 g6 7. Bb5+ Bd7 8. Qe2
a6 9. Bd3 Qc7 10. f4 Bg4 11. Nf3 Bg7 12. O-O O-O 13. Be3 Re8 14. h3 Bxf3 15.
Qxf3 b5 16. a3 Nbd7 17. Rae1 Rab8 18. Bc1 Re7 19. e5 dxe5 20. f5 Rbe8 21. Bg5
Qb6 22. fxg6 fxg6 23. Be4 Qd6 24. Qd3 c4 25. Qd1 Rf7 26. Rf3 Ref8 27. Ref1 Nc5
28. Bxf6 Rxf6 29. Kh1 Rxf3 30. Rxf3 Rf6 31. Qf1 Kf7 32. Qe1 Rxf3 33. gxf3 Bf6
34. Qd2 Kg7 35. Bc2 Be7 36. Ne4 Nxe4 37. Bxe4 Bf8 38. Qf2 Qc5 39. Qg3 Qd6 40.
Qf2 Qc5 41. Qg3 Qd6 1/2-1/2

[Event "21. Torneo San Viator 2013"]
[Site "Madrid ESP"]
[Date "2013.09.29"]
[Round "1.20"]
[White "Alonso Penalver, Angel"]
[Black "Pindado Campos, Raul"]
[Result "0-1"]
[WhiteElo "1762"]
[BlackElo "1903"]
[PlyCount "76"]
[EventDate "2013.09.29"]
[EventType "swiss"]
[EventRounds "9"]
[EventCountry "ESP"]
[SourceTitle "Ajedrez en Madrid"]
[Source "lmi"]
[SourceDate "2013.09.29"]
[SourceVersion "1"]
[SourceVersionDate "2013.12.25"]
[SourceQuality "1"]

1. e4 c5 2. Nf3 e6 3. d4 cxd4 4. Nxd4 a6 5. Bd3 Nc6 6. Nb3 Nf6 7. a3 b6 8. Nc3
Bb7 9. O-O Be7 10. Be3 d6 11. f4 O-O 12. Qe2 Nd7 13. Rad1 Qc7 14. Qf2 Nc5 15.
Nxc5 bxc5 16. Bc4 Bf6 17. e5 dxe5 18. Bxc5 Be7 19. Bb6 Qc8 20. Bd3 Bf6 21. Ne4
Be7 22. Ng5 f5 23. Bc4 Bxg5 24. fxg5 Ne7 25. Bb3 Nd5 26. Bc5 Rf7 27. c4 Nf4 28.
Rd6 Bxg2 29. Rfd1 Nh3+ 30. Kxg2 Nxf2 31. Bxf2 Qb7+ 32. Kg1 Qxb3 33. c5 e4 34.
c6 Rc7 35. Rd8+ Rxd8 36. Rxd8+ Kf7 37. Rd7+ Rxd7 38. cxd7 Ke7 0-1

[Event "21. Torneo San Viator 2013"]
[Site "Madrid ESP"]
[Date "2013.09.29"]
[Round "1.21"]
[White "Camarero Izquierdo, Juan Carlo"]
[Black "Enfedaque Jimenez, Juan Carlos"]
[Result "1-0"]
[WhiteElo "1893"]
[BlackElo "1761"]
[PlyCount "79"]
[EventDate "2013.09.29"]
[EventType "swiss"]
[EventRounds "9"]
[EventCountry "ESP"]
[SourceTitle "Ajedrez en Madrid"]
[Source "lmi"]
[SourceDate "2013.09.29"]
[SourceVersion "1"]
[SourceVersionDate "2013.12.25"]
[SourceQuality "1"]

1. d4 d5 2. Nc3 Nf6 3. Bg5 Nbd7 4. Nf3 g6 5. Qd2 Ne4 6. Nxe4 dxe4 7. Ng1 Nb6 8.
e3 Qd5 9. Bf4 c6 10. h4 Be6 11. b3 Bg7 12. c4 Qd7 13. Ne2 c5 14. Rd1 cxd4 15.
exd4 Bg4 16. Bh6 Bf6 17. Qe3 Qf5 18. Rd2 Bxe2 19. Bxe2 O-O-O 20. Bg5 h6 21.
Bxf6 exf6 22. O-O g5 23. h5 g4 24. a4 Qxh5 25. a5 Qxa5 26. Bxg4+ f5 27. Bh3 Kb8
28. Rdd1 Rhg8 29. Ra1 Qb4 30. Bxf5 Rg5 31. Bh3 f5 32. Qf4+ Ka8 33. Rxa7+ Kxa7
34. Ra1+ Na4 35. Rxa4+ Qxa4 36. bxa4 Rdg8 37. d5 b6 38. Qc7+ Ka6 39. a5 bxa5
40. c5 1-0

[Event "21. Torneo San Viator 2013"]
[Site "Madrid ESP"]
[Date "2013.09.29"]
[Round "1.22"]
[White "San Felipe Gonzalez, Tomas"]
[Black "Garcia Martin, Esteban"]
[Result "0-1"]
[WhiteElo "1732"]
[BlackElo "1892"]
[PlyCount "82"]
[EventDate "2013.09.29"]
[EventType "swiss"]
[EventRounds "9"]
[EventCountry "ESP"]
[SourceTitle "Ajedrez en Madrid"]
[Source "lmi"]
[SourceDate "2013.09.29"]
[SourceVersion "1"]
[SourceVersionDate "2013.12.25"]
[SourceQuality "1"]

1. d4 d5 2. Nf3 Nf6 3. Bf4 e6 4. e3 Be7 5. Bd3 O-O 6. Nbd2 c5 7. c3 Nc6 8. Ne5
Nxe5 9. dxe5 Nd7 10. O-O f6 11. Qh5 f5 12. Nf3 Qe8 13. Qh3 Qg6 14. Kh1 b6 15.
Be2 Bb7 16. Nd4 Qf7 17. Nb5 g5 18. Bg3 Qg6 19. Bh5 Qg7 20. f3 Rfc8 21. Nd6 Bxd6
22. exd6 Rf8 23. Bf2 Ne5 24. g4 Nxf3 25. gxf5 Nd2 26. Rfd1 Ne4 27. Bg3 exf5 28.
Qg2 d4 29. Bf3 g4 30. exd4 gxf3 31. Qc2 Nxg3+ 32. hxg3 Qh6+ 33. Kg1 f2+ 34. Kf1
Qh1+ 35. Ke2 Bf3+ 36. Kd2 Bxd1 37. Qxd1 Qxd1+ 38. Rxd1 cxd4 39. Ke2 dxc3 40.
bxc3 Rad8 41. Kxf2 Rf6 0-1

[Event "21. Torneo San Viator 2013"]
[Site "Madrid ESP"]
[Date "2013.09.29"]
[Round "1.23"]
[White "Magan Gonzalez, Alberto"]
[Black "Sirera Ripoll, Jose"]
[Result "0-1"]
[WhiteElo "1891"]
[BlackElo "1726"]
[PlyCount "62"]
[EventDate "2013.09.29"]
[EventType "swiss"]
[EventRounds "9"]
[EventCountry "ESP"]
[SourceTitle "Ajedrez en Madrid"]
[Source "lmi"]
[SourceDate "2013.09.29"]
[SourceVersion "1"]
[SourceVersionDate "2013.12.25"]
[SourceQuality "1"]

1. e4 c5 2. Nf3 Nc6 3. d4 cxd4 4. Nxd4 g6 5. Nc3 Bg7 6. Be3 Nf6 7. Bc4 O-O 8.
Bb3 Qa5 9. O-O a6 10. f4 d6 11. h3 Bd7 12. Qe2 Nxe4 13. Nxc6 Bxc6 14. Nxe4 Bxe4
15. c3 d5 16. Rad1 e6 17. Qf2 Qb5 18. Bd4 a5 19. Bxg7 Kxg7 20. Qd4+ Kg8 21. Rd2
b6 22. Qf6 a4 23. Bd1 Rfc8 24. h4 Qc5+ 25. Kh2 a3 26. c4 Qxc4 27. h5 Qxf1 28.
h6 Kf8 29. Bg4 Bf5 30. Bf3 Qc1 31. Bxd5 Qxd2 0-1